Auditing theory and practice (the auditing compendium) (Record no. 2858)

MARC details
000 -LEADER
fixed length control field 00909nam a2200133 4500
020 ## - INTERNATIONAL STANDARD BOOK NUMBER
ISBN 9988113390
050 ## - CALL NUMBER
Classification number HF 5667
Item number .043
100 ## - AUTHOR
Personal name Kwame Bosiako Omane -Antwi
245 ## - TITLE
Title Auditing theory and practice (the auditing compendium)
260 ## - PUBLICATION INFORMATION
Place of publication Tema
Name of publisher Digibooks Ghana Ltd
Year of publication 2009
300 ## - DESCRIPTION
Number of Pages xxviii, 698 pg
505 ## - FORMATTED CONTENTS NOTE
Table of Content Auditing in perspective<br/>The appointed auditor<br/>Initial Audit Work<br/>Procedural Audit - part I<br/>Procedural Audit - part II<br/>Internal Auditing<br/> Verification of balance sheet items - part I<br/>Verification of balance sheet items - part II<br/>Verification of balance sheet items- part III<br/>The auditor's report<br/>The audit approach to computers<br/>Systematic approach to specialised audits<br/>Audit (quality) assurance and assurance services<br/>The statutory audit- understanding the legal duties and responsibilities of the auditor<br/>Corporate Governance and the role of the auditor<br/>
942 ## - ADDED ENTRY ELEMENTS (KOHA)
Koha item type Books
Holdings
Withdrawn status Lost status Collection code Home library Current library Shelving location Date acquired Full call number Copy number Koha item type Accession Number
    Reference Methodist University Library Main Methodist University Library Main General Stacks 01/09/2011 HF 5667 .043 33953 Books  
      Methodist University Library Wenchi Faculty Methodist University Library Wenchi Faculty   18/10/2021 HF 5667 .043   Books 33952
Copyright © 2026  MUG Library